Khảo sát thành phần thức ăn tự nhiên trong ao ương và ống tiêu hóa cá tra (Pangasianodon hypothalmus) giai đoạn bột lên hương : Luận văn Cao học ngành Nuôi trồng Thủy sản

Khảo sát các yếu tố thủy hóa trong ao ương cá tra từ giai đoạn bột lên hương, khảo sát thành phần loài, số lượng thực vật và động vật phiêu sinh trong ao ương, thành phần thức ăn trong ống tiêu hóa cá tra từ giai đoạn bột lên hương...

Disgrifiad llawn

Wedi'i Gadw mewn:
Manylion Llyfryddiaeth
Prif Awdur: Nguyễn, Hồng Linh
Fformat: Llyfr
Iaith:Undetermined
Cyhoeddwyd: Cần Thơ Trường Đại học Cần Thơ 2014
Pynciau:
Tagiau: Ychwanegu Tag
Dim Tagiau, Byddwch y cyntaf i dagio'r cofnod hwn!
Thư viện lưu trữ: Trung tâm Học liệu Trường Đại học Cần Thơ
LEADER 01225nam a2200217Ia 4500
001 CTU_191063
008 210402s9999 xx 000 0 und d
082 |a 639.311 
082 |b L312 
088 |a 606270 
100 |a Nguyễn, Hồng Linh 
245 0 |a Khảo sát thành phần thức ăn tự nhiên trong ao ương và ống tiêu hóa cá tra (Pangasianodon hypothalmus) giai đoạn bột lên hương : 
245 0 |b Luận văn Cao học ngành Nuôi trồng Thủy sản 
245 0 |c Nguyễn Hồng Linh ; Vũ Ngọc Út (Cán bộ hướng dẫn) 
260 |a Cần Thơ 
260 |b Trường Đại học Cần Thơ 
260 |c 2014 
520 |a Khảo sát các yếu tố thủy hóa trong ao ương cá tra từ giai đoạn bột lên hương, khảo sát thành phần loài, số lượng thực vật và động vật phiêu sinh trong ao ương, thành phần thức ăn trong ống tiêu hóa cá tra từ giai đoạn bột lên hương 
650 |a Freshwater fishes,Cá nước ngọt 
910 |a Hải 
980 |a Trung tâm Học liệu Trường Đại học Cần Thơ